ბათუმის შოთა რუსთაველის სახელმწიფო უნივერსიტეტის ბიბლიოთეკა

საერთაშორისო ბიზნესი : გარესამყარო და ოპერაციები / (ბიბ.ჩანაწერი № 55034)

000 -ლიდერი
ფიქსირებული სიგრძის საკონტროლო ველი 02265nam a2200325Ia 4500
001 - საკონტროლო ნომერი
საკონტროლო ველი 22109
003 - საკონტროლო ნომრის იდენტიფიკატორი
საკონტროლო ველი GE_BSU
005 - ბოლო ოპერაციის თარიღი და დრო
საკონტროლო ველი 20191031102635.0
008 - ფიქსირებული სიგრძის მონაცემთა ელემენტები - ზოგადი ინფორმაცია
ფიქსირებული სიგრძის საკონტროლო ველი 181216s2016||||ge |||||||||||||| ||geo||
020 ## - წიგნის საერთაშორისო სტანდარტული ნომერი
International Standard Book Number 9789941135125
041 ## - ენის კოდი
Language code of text/sound track or separate title geo
080 ## - უნივერსალური ათობითი კლასიფიკაციის ინდექსი
Universal Decimal Classification number 338.22(100)(075.8) დ-35
100 ## - მთავარი ჩანაწერი - პიროვნების სახელი
Personal name დენიელსი, ჯონ
9 (RLIN) 5087
245 ## - ცნობა სათაურის შესახებ
Title საერთაშორისო ბიზნესი : გარესამყარო და ოპერაციები /
Statement of responsibility, etc ჯონ დენიელსი ; ლი ჰ. რედებოგი ; დენიელ პ. სალივანი ; მთარგმ : ნინო ქიტიაშვილი ; ქეთევან ბერიძე ; ყდის დიზ : ნინო ებრალიძე.
250 ## - გამოცემის ცნობა
Edition statement მე-14 გამოცემა.
264 ## - წარმოების, გამოცემის, დისტრიბუციის და სხვა ცნობები
გამოცემის, წარმოების, დისტრიბუციის... ადგილი თბილისი :
გამოცემის, წარმოების, დისტრიბუციის... სახელწოდება თბილ. უნ-ტის გამ-ბა,
გამოცემის, წარმოების, დისტრიბუციის... თარიღი [2016]
300 ## - ფიზიკური აღწერა
Extent xlvi, 1094 გვ. : 28 სმ.
Other physical details ილ. ;
Dimensions 28 სმ.
500 ## - ზოგადი შენიშვნა
General note შენიშვნები: გვ. 1064-1068. ტერმინთა ლექსიკონი: გვ. 1069-1092
520 ## - SUMMARY, ETC.
Summary, etc წიგნი რეგისტრირებულია აშშ-ის კონგრესის პუბლიკაციათა კატალოგიზაციის მონაცემთა ბიბლიოთეკაში.
653 ## - INDEX TERM--UNCONTROLLED
Uncontrolled term ეკონომიკა
653 ## - INDEX TERM--UNCONTROLLED
Uncontrolled term საერთაშორისო ბიზნესი
653 ## - INDEX TERM--UNCONTROLLED
Uncontrolled term საერთაშორისო ბიზნესი გარესამყარო და ოპერაციები
700 ## - ADDED ENTRY--PERSONAL NAME
Personal name რედებოგი, ლი ჰ.
9 (RLIN) 5132
700 ## - ADDED ENTRY--PERSONAL NAME
Personal name სალივანი, დენიელ პ.
9 (RLIN) 5133
700 ## - ADDED ENTRY--PERSONAL NAME
Personal name შენგელია, თეიმურაზ
Relator term მთავარი რედაქტორი
9 (RLIN) 814
700 ## - ADDED ENTRY--PERSONAL NAME
Personal name ქიტიაშვილი, ნინო
Relator term მთარგმნელი
9 (RLIN) 5134
700 ## - ADDED ENTRY--PERSONAL NAME
Personal name ბერიძე, ქეთევან
Relator term მთარგმნელი
9 (RLIN) 2795
700 ## - ADDED ENTRY--PERSONAL NAME
Personal name ებრალიძე, ნინო
Relator term ყდის დიზაინი
9 (RLIN) 5135
942 ## - ADDED ENTRY ELEMENTS (KOHA)
Koha item type წიგნი
Source of classification or shelving scheme
ეგზემპლარები
ჩამოწერის სტატუსი დაკარგული ეგზემპლარის სტატუსი კლასიფიკაციის წყარო ან თაროზე გაწყობის სქემა დაზიანების სტატუსი არ გაიცემა მუდმივი მდებარეობა (დაცვის ადგილი) ამჟამინდელი ადგილსამყოფელი თაროზე განთავსების ადგილი შეძენის თარიღი ღირებულება, შესყიდვის ნორმალური ფასი სრული შენახვის შიფრი შტრიხკოდი ბოლო ოპერაციის თარიღი ეგზემპლარის მიმდევრობითი ნომერი (კეტერი?) ფასის ძალაში შესვლის თარიღი ეგზემპლარის სახეობა საჯარო შენიშვნა
          ბათუმის შოთა რუსთაველის სახელმწიფო უნივერსიტეტის მთავარი ბიბლიოთეკა ბათუმის შოთა რუსთაველის სახელმწიფო უნივერსიტეტის მთავარი ბიბლიოთეკა წიგნსაცავი 2018-12-17 57.00 338.22(100)(075.8) დ-35 57013 2018-12-17 57013 2018-12-17 წიგნი 57ლ. 40 თ.
          ბათუმის შოთა რუსთაველის სახელმწიფო უნივერსიტეტის მთავარი ბიბლიოთეკა ბათუმის შოთა რუსთაველის სახელმწიფო უნივერსიტეტის მთავარი ბიბლიოთეკა წიგნსაცავი 2018-12-17 57.00 338.22(100)(075.8) დ-35 57014 2018-12-17 57014 2018-12-17 წიგნი 57ლ.40 თ.
          ბათუმის შოთა რუსთაველის სახელმწიფო უნივერსიტეტის მთავარი ბიბლიოთეკა ბათუმის შოთა რუსთაველის სახელმწიფო უნივერსიტეტის მთავარი ბიბლიოთეკა წიგნსაცავი 2018-12-17   338.22(100)(075.8) დ-35 57015 2018-12-17 57015 2018-12-17 წიგნი 57ლ. 40თ.
          ბათუმის შოთა რუსთაველის სახელმწიფო უნივერსიტეტის მთავარი ბიბლიოთეკა ბათუმის შოთა რუსთაველის სახელმწიფო უნივერსიტეტის მთავარი ბიბლიოთეკა წიგნსაცავი 2018-12-17 57.00 338.22(100)(075.8) დ-35 57016 2018-12-17 57016 2018-12-17 წიგნი 57ლ.40 თ.
          ბათუმის შოთა რუსთაველის სახელმწიფო უნივერსიტეტის მთავარი ბიბლიოთეკა ბათუმის შოთა რუსთაველის სახელმწიფო უნივერსიტეტის მთავარი ბიბლიოთეკა წიგნსაცავი 2018-12-17 57.00 338.22(100)(075.8) დ-35 57017 2018-12-17 57017 2018-12-17 წიგნი 57ლ.40 თ.
          ბათუმის შოთა რუსთაველის სახელმწიფო უნივერსიტეტის მთავარი ბიბლიოთეკა ბათუმის შოთა რუსთაველის სახელმწიფო უნივერსიტეტის მთავარი ბიბლიოთეკა წიგნსაცავი 2018-12-17 57.00 338.22(100)(075.8) დ-35 57018 2018-12-17 57018 2018-12-17 წიგნი 57ლ.40 თ.
          ბათუმის შოთა რუსთაველის სახელმწიფო უნივერსიტეტის მთავარი ბიბლიოთეკა ბათუმის შოთა რუსთაველის სახელმწიფო უნივერსიტეტის მთავარი ბიბლიოთეკა წიგნსაცავი 2018-12-17 57.00 338.22(100)(075.8) დ-35 57019 2018-12-17 57019 2018-12-17 წიგნი 57ლ.40 თ.
          ბათუმის შოთა რუსთაველის სახელმწიფო უნივერსიტეტის მთავარი ბიბლიოთეკა ბათუმის შოთა რუსთაველის სახელმწიფო უნივერსიტეტის მთავარი ბიბლიოთეკა წიგნსაცავი 2018-12-17 57.00 338.22(100)(075.8) დ-35 57020 2018-12-17 57020 2018-12-17 წიგნი 57ლ.40 თ.
          ბათუმის შოთა რუსთაველის სახელმწიფო უნივერსიტეტის მთავარი ბიბლიოთეკა ბათუმის შოთა რუსთაველის სახელმწიფო უნივერსიტეტის მთავარი ბიბლიოთეკა წიგნსაცავი 2018-12-17 57.00 338.22(100)(075.8) დ-35 57021 2018-12-17 57021 2018-12-17 წიგნი 57ლ. 40 თ.
          ბათუმის შოთა რუსთაველის სახელმწიფო უნივერსიტეტის მთავარი ბიბლიოთეკა ბათუმის შოთა რუსთაველის სახელმწიფო უნივერსიტეტის მთავარი ბიბლიოთეკა წიგნსაცავი 2018-12-17 57.00 338.22(100)(075.8) დ-35 57022 2018-12-17 57022 2018-12-17 წიგნი 57ლ.40 თ.
          ბათუმის შოთა რუსთაველის სახელმწიფო უნივერსიტეტის მთავარი ბიბლიოთეკა ბათუმის შოთა რუსთაველის სახელმწიფო უნივერსიტეტის მთავარი ბიბლიოთეკა წიგნსაცავი 2018-12-17 69.00 338.22(100)(075.8) დ-35 59010 2018-12-17 59010 2018-12-17 წიგნი 69.00
          ბათუმის შოთა რუსთაველის სახელმწიფო უნივერსიტეტის მთავარი ბიბლიოთეკა ბათუმის შოთა რუსთაველის სახელმწიფო უნივერსიტეტის მთავარი ბიბლიოთეკა წიგნსაცავი 2018-12-17 69.00 338.22(100)(075.8) დ-35 59011 2018-12-17 59011 2018-12-17 წიგნი 69.00